00517nam a2200145 a 450000100100000000500170001000800410002704000250006810000280009324500790012126000450020030000210024550000730026650400320033900002738120240322191158.0110331s1987 dr 000 0 spa d aDO-SdBNPbspacBNPHU1 aEspinal, Rosariod1955-10aAutoritarismo y democracia en la política dominicana /cRosario Espinal. aSanto Domingo :bEdiciones Capel,c1987. a208 P. ;c22 cm. aIncluye referencias bibliográficas y notas al pie de las páginas aBibliografía : p. 199-205